Počítače a počítačem řízené systémy ve vzdělávání

Opísanie činiteľov vplývajúcich na využívanie počítačov a počítačovo riadených systémov výučby vo vzdelávaní. Podmienky a úlohy používania počítačov. Didaktické technické prostriedky.

Salvato in:
Dettagli Bibliografici
Autore principale: Chromý, Jan
Natura: Capitolo di libro
Lingua:ceco
Soggetti:
Tags: Aggiungi Tag
Nessun Tag, puoi essere il primo ad aggiungerne!!

MARC

LEADER 00000naa$a2200000$$$4500
001 0058465
005 20231010124442.9
041 0 |a cze 
044 |a SK 
245 1 0 |a Počítače a počítačem řízené systémy ve vzdělávání  |c Jan Chromý 
520 |a Opísanie činiteľov vplývajúcich na využívanie počítačov a počítačovo riadených systémov výučby vo vzdelávaní. Podmienky a úlohy používania počítačov. Didaktické technické prostriedky. 
610 2 0 |a počítače 
610 2 0 |a vzdelávanie 
610 2 0 |a multimédiá 
610 2 0 |a technológie komunikačné 
100 1 |a Chromý, Jan